000 00322nam a22001457a 4500
020 _a0-07-066460-9
041 _aENG
100 _aOzisik.M.N
245 _aHeat Transfer A Basic Approach
250 _aIntarntional Edition
260 _aNew Dehli
_bMcGraw Hill Book
_c1985
300 _a780
650 _aAPE
856 _uAPE
999 _c408
_d408